El gran secreto de las monarquías europeas : (Record no. 196203)

MARC details
000 -LEADER
campo de control de longitud fija 01716nam a2200433 i 4500
001 - NÚMERO DE CONTROL
campo de control 196203
003 - IDENTIFICADOR DE NÚMERO DE CONTROL
campo de control ES-MaACL
005 - FECHA Y HORA DE LA ÚLTIMA TRANSACCIÓN
campo de control 20250510063011.0
008 - DATOS DE LONGITUD FIJA--INFORMACIÓN GENERAL
campo de control de longitud fija 240818s2022 sp a b 000 0 spa d
010 ## - NÚMERO DE CONTROL DE LA BIBLIOTECA DEL CONGRESO
Número de control de LC 2023377623
020 ## - NÚMERO INTERNACIONAL ESTÁNDAR DEL LIBRO
Número Internacional Estándar del Libro 9788412448481
Información calificativa (rústica)
020 ## - NÚMERO INTERNACIONAL ESTÁNDAR DEL LIBRO
ISBN cancelado o inválido 97884124848498
Información calificativa (no válido)
035 ## - NÚMERO DE CONTROL DEL SISTEMA
Número de control de sistema (OCoLC)1371436872
035 ## - NÚMERO DE CONTROL DEL SISTEMA
Número de control de sistema 23206770
040 ## - FUENTE DE CATALOGACIÓN
Centro catalogador/agencia de origen SP-BaPL
Lengua de catalogación eng
Normas de descripción rda
Centro/agencia transcriptor SP-BaPL
Centro/agencia modificador DLC
042 ## - CÓDIGO DE AUTENTICACIÓN
Código de autenticación lccopycat
043 ## - CÓDIGO DE ÁREA GEOGRÁFICA
Código de área geográfica e------
050 00 - SIGNATURA TOPOGRÁFICA DE LA BIBLIOTECA DEL CONGRESO
Número de clasificación D107
Número de ítem .J375 2022
100 ## - ENTRADA PRINCIPAL--NOMBRE DE PERSONA
Nombre de persona Javaloys, Joaquín G.
9 (RLIN) 238493
Término indicativo de función/relación Autor
245 13 - MENCIÓN DEL TÍTULO
Título El gran secreto de las monarquías europeas :
Resto del título sus raíces judías /
Mención de responsabilidad, etc. Joaquín Javaloys.
250 ## - MENCION DE EDICION
Mención de edición Primera edición, 2022
264 #1 - PRODUCCIÓN, PUBLICACIÓN, DISTRIBUCIÓN, FABRICACIÓN Y COPYRIGHT
Producción, publicación, distribución, fabricación y copyright Alcobendas, Madrid, España :
Nombre del de productor, editor, distribuidor, fabricante Kálathos ediciones,
Fecha de producción, publicación, distribución, fabricación o copyright 2022.
300 ## - DESCRIPCIÓN FÍSICA
Extensión 299 pág. :
Otras características físicas ilustraciones a color ;
Dimensiones 21 cm.
336 ## - TIPO DE CONTENIDO
Término de tipo de contenido texto
Fuente rdacontent
336 ## - TIPO DE CONTENIDO
Término de tipo de contenido imagen fija
Fuente rdacontent
337 ## - TIPO DE MEDIO
Nombre/término del tipo de medio sin mediación
Fuente rdamedia
338 ## - TIPO DE SOPORTE
Nombre/término del tipo de soporte volumen
Fuente rdacarrier
504 ## - NOTA DE BIBLIOGRAFÍA, ETC.
Nota de bibliografía, etc. Incluye referencias bibliográficas (pág. 288-293).
650 #7 - PUNTO DE ACCESO ADICIONAL DE MATERIA--TÉRMINO DE MATERIA
Término de materia o nombre geográfico como elemento de entrada Monarquía-
Subdivisión geográfica Europa-
Subdivisión general Historia
9 (RLIN) 163473
650 #7 - PUNTO DE ACCESO ADICIONAL DE MATERIA--TÉRMINO DE MATERIA
Término de materia o nombre geográfico como elemento de entrada Judíos-
Subdivisión geográfica Europa-
9 (RLIN) 166849
Subdivisión de forma Historia
650 #0 - PUNTO DE ACCESO ADICIONAL DE MATERIA--TÉRMINO DE MATERIA
Término de materia o nombre geográfico como elemento de entrada Familias de ascendencia real-
Subdivisión geográfica Europa-
Subdivisión general Historia
9 (RLIN) 238495
651 #0 - PUNTO DE ACCESO ADICIONAL DE MATERIA--NOMBRE GEOGRÁFICO
Nombre geográfico Europa-
Subdivisión general Reyes y gobernantes
9 (RLIN) 238496
651 #0 - PUNTO DE ACCESO ADICIONAL DE MATERIA--NOMBRE GEOGRÁFICO
Nombre geográfico Europa-
Subdivisión general Reyes y gobernantes-
Subdivisión de forma Genealogia
9 (RLIN) 238497
852 ## - LOCALIZACIÓN
Ubicación ES-MaACL
Sublocalización o colección R.154527
Ubicación en estantería Depósito J
Número de control de estantería N-9278
Anotaciones manuscritas "Presentado Ateneo de Madrid 23/06/2023"
Donativo/Legado Donación: Editorial
Encuadernación Encuadernación rústica con solapas
itemnumber 205310
942 ## - ELEMENTOS DE ENTRADA SECUNDARIOS (KOHA)
Tipo de ítem Koha Libro impreso
Suprimir en OPAC No
Holdings
Estatus retirado Estado de pérdida Fuente del sistema de clasificación o colocación Estado de daño No para préstamo Biblioteca de origen Biblioteca actual Ubicación en estantería Fecha de adquisición Fuente de adquisición Total de préstamos Signatura topográfica completa Código de barras Visto por última vez Precio de reemplazo Tipo de ítem Koha
    Clasificación decimal universal     Biblioteca del Ateneo de Madrid Biblioteca del Ateneo de Madrid Depósito J 08/05/2025 Donación   N-9278 101230004 08/05/2025 08/05/2025 Libro impreso